Statistics for (Post 2010) Expensive Car Quiz #19

Click here to take the quiz!

General Stats

  • This quiz has been taken 42 times
  • The average score is 16 of 25

Answer Stats

Year(s)AutomakerCar% Correct
2014-McLarenP1
89%
2011-KoenigseggAgera
86%
2010-2014Mercedes-BenzSLS AMG
83%
2011-LamborghiniAventador
83%
2011-2014McLarenMP4-12C
83%
2012-HennesseyVenom GT
83%
2012-PaganiHuayra
81%
2010-2012LexusLFA
81%
2014-McLaren650S
75%
2010-Rolls-RoyceGhost
75%
2010-BentleyMulsanne (New)
75%
2013-Porsche918 Spyder
69%
2013-MaseratiGhibli (M157)
69%
2012-FerrariF12 Berlinetta
67%
2011-NobelM600
64%
2014-BMWi8
64%
2013-JaguarF-Type
64%
2013-AudiRS7
61%
2013-BentleyFlying Spur
56%
2011-FerrariFF
50%
2011-MastrettaMXT
42%
2011-2012Aston MartinVirage
42%
2013 (limited production); 2014- (regular production)DonkervoortD8 GTO
36%
2010-HTTPléthore
31%
2013-RadicalRXC
19%

Score Distribution

Percentile by Number Answered

Percent of People with Each Score

Your Score History

You have not taken this quiz